000 00464pab a2200169 454500
008 180718b2009 xxu||||| |||| 00| 0 eng d
100 _aSingh, Arvind
245 _aAmerica-Pak geostrategic relations post 9/11
260 _c2009
300 _ap.1241-248.
362 _aOct-Dec
650 _aUnited States - Foreign relations - Pakistan
650 _aInternational relations
773 _aIndian Journal of Political Science
908 _aN
909 _a86634
999 _c86634
_d86634